000 00438pab a2200169 454500
008 180718b2012 xxu||||| |||| 00| 0 eng d
100 _aSaxena, K.B.
245 _aLand acquisition and peasant resistance: Disappointment with the proposed change in law
260 _c2012
300 _ap.115-136.
362 _aApr - Jun
650 _aPeasantry
650 _aLand tenure
773 _aSocial Action
908 _aN
909 _a96527
999 _c96527
_d96527